Elvis Presley Songs - Sudden Death - Statistics

General Stats
  • This quiz has been taken 2,020 times
  • The average score is 12 of 21
Answers on the Grid
Answers color-coded by a green-red scale on the quiz's grid according to % correct below.
Hound Dog
Jailhouse Rock
Don't Be Cruel
Suspicious Minds
Can't Help Falling in Love
Bossa Nova Baby
In The Ghetto
Return to Sender
Heartbreak Hotel
A Little Less Conversation
That's All Right
Mystery Train
Blue Hawaii
It's Now or Never
Edge of Reality
Are You Lonesome Tonight?
Trouble
Love Me Tender
Burning Love
Blue Suede Shoes
Always On My Mind
Strangers in the Night
Ring of Fire
Blackbird
All Shook Down
Hips Don't Lie
Viva la Vida
Apple Pie
I Kissed You
Priscilla
Rock Around The Clock
Peanut Butter Banana Sandwiches
Boy from Tupelo
 
Answer Stats
Answer % Correct
Jailhouse Rock
78%
Hound Dog
76%
Can't Help Falling in Love
73%
Blue Suede Shoes
71%
Love Me Tender
70%
Suspicious Minds
70%
Heartbreak Hotel
68%
Burning Love
67%
In The Ghetto
65%
Don't Be Cruel
61%
A Little Less Conversation
59%
Are You Lonesome Tonight?
59%
Blue Hawaii
59%
Return to Sender
57%
Always On My Mind
54%
It's Now or Never
50%
That's All Right
47%
Trouble
35%
Bossa Nova Baby
29%
Mystery Train
23%
Edge of Reality
13%
No matching quizzes found
Score Distribution
Percent of People with Each Score
Percentile by Number Answered
Your Score History
You have not taken this quiz